| 000 | 00729nas a2200205 i 4500 | ||
|---|---|---|---|
| 001 | 182887 | ||
| 003 | ES-MaACL | ||
| 005 | 20250217134911.0 | ||
| 008 | 131125d18641865fr | | ||re d | ||
| 080 | _a794.1 | ||
| 245 | 0 | 3 |
_aLe Palamède français : _brevue des échecs et des autres jeux de combinaison / _c[rédacteur en chef M. Paul Journoud]. |
| 260 |
_aParis : _bCh. Lahure, _c1864-1865. |
||
| 300 |
_a1 v. (48 p.) : _bil. ; _c23 cm. |
||
| 362 | 0 | _aN. 1 (sept. 1864)-n. 15 (nov. 1865?) | |
| 650 | 0 | 4 |
_aAjedrez. _99707 |
| 700 | 1 |
_aJournoud, Paul. _9153888 |
|
| 852 | 4 |
_aES-MaACL _jT-77-F-16 _z- Enc. hol., falto de cub. original _z- Enc. en un vol. facticio |
|
| 866 | 0 | _o1864 (n. 1). | |
| 999 |
_c182887 _d182887 |
||